Kỹ thuật đồ họa

Tallennettuna:
Bibliografiset tiedot
Päätekijä: Lê Tấn Hùng
Aineistotyyppi: Kirja
Kieli:Undetermined
Julkaistu: H. KHKT 2002
Aiheet:
Tagit: Lisää tagi
Ei tageja, Lisää ensimmäinen tagi!
Thư viện lưu trữ: Trung tâm Học liệu Trường Đại học Cần Thơ
LEADER 00549nam a2200205Ia 4500
001 CTU_62595
008 210402s9999 xx 000 0 und d
020 |b 36000 
082 |a 006.6 
082 |b H513 
100 |a Lê Tấn Hùng 
245 0 |a Kỹ thuật đồ họa 
245 0 |c Lê Tấn Hùng và Huỳnh Quyết Thắng 
260 |a H. 
260 |b KHKT 
260 |c 2002 
650 |a computer graphics 
650 |x computer programs 
904 |i Minh 
980 |a Trung tâm Học liệu Trường Đại học Cần Thơ